000 00389 a2200121 4500
001 ART_42730
005 20260410161737.0
008 260409a
245 1 0 _aNuevas medidas fiscales
100 1 _aLlanos, Eduardo
700 1 _aCarcavallo, Pablo
773 0 _tEjecutivos de finanzas
_gOfertas públicas iniciales en la Argentina - Año 12, Nº 129 (sep. 1996)
_wREV2863
999 _c18380
_d18380